|
|
|
|
| LEADER |
00000nam2a2200000 4500 |
| 001 |
253056 |
| 005 |
20231101232816.0 |
| 010 |
|
|
|a 5247020626
|
| 035 |
|
|
|a (RuTPU)RU\TPU\book\275437
|
| 090 |
|
|
|a 253056
|
| 100 |
|
|
|a 20140311d1989 k y0rusy50 ca
|
| 101 |
0 |
|
|a rus
|
| 102 |
|
|
|a RU
|
| 105 |
|
|
|a a z 001zy
|
| 200 |
0 |
|
|a Т. 10 : Геологическое строение и минерагения СССР. Кн. 1 : Геологическое строение СССР
|
| 210 |
|
|
|d 1989
|
| 215 |
|
|
|a 352 с.
|c ил.
|e Прилож.: 45 карт в отд. папке.
|
| 320 |
|
|
|a Библиогр.: с. 341-348.
|
| 461 |
|
1 |
|0 (RuTPU)RU\TPU\book\33517
|t Геологическое строение СССР и закономерности размещения полезных ископаемых
|o в 10 т.
|f Академия наук СССР (АН СССР) ; гл. ред. Е. А. Козловский
|v Т. 10 : Геологическое строение и минерагения СССР. Кн. 1 : Геологическое строение СССР
|d 1984-1989
|
| 606 |
1 |
|
|a Геология
|y СССР
|2 stltpush
|3 (RuTPU)RU\TPU\subj\6121
|9 34079
|
| 606 |
1 |
|
|a Минеральные ресурсы
|2 stltpush
|3 (RuTPU)RU\TPU\subj\44061
|9 63442
|
| 610 |
1 |
|
|a геологическое строение
|
| 610 |
1 |
|
|a минерагения
|
| 610 |
1 |
|
|a тектоническое районирование
|
| 610 |
1 |
|
|a платформы
|
| 610 |
1 |
|
|a гидрогеологическое районирование
|
| 610 |
1 |
|
|a геохимическое районирование
|
| 610 |
1 |
|
|a земная кора
|
| 610 |
1 |
|
|a глубинное строение
|
| 610 |
1 |
|
|a корреляция
|
| 610 |
1 |
|
|a магматические образования
|
| 675 |
|
|
|a 55
|v 3
|
| 675 |
|
|
|a 553.04
|v 3
|
| 801 |
|
1 |
|a RU
|b 63413507
|c 20140311
|
| 801 |
|
2 |
|a RU
|b 63413507
|c 20140320
|g RCR
|
| 942 |
|
|
|c BK
|